000 00723nam a2200157Ia 4500
008 090124s9999 xx 000 0 und d
082 _b130788
245 _a डॉ.बाबासाहेब आंबेडकरांची निवडक भाषणे - भाग 1 ला ( 1920 - 36 )
250 _a1
260 _c2002
300 _a228
630 _a डॉ.बाबासाहेब आंबेडकरांची निवडक भाषणे - भाग 1 ला ( 1920 - 36 )
700 _aसुरवाडे विजय
730 _a डॉ.बाबासाहेब आंबेडकरांची निवडक भाषणे - भाग 1 ला ( 1920 - 36 )
942 _cBOOK
999 _c176877
_d176877